[Event "Mike Shpan mem"]
[Site "Winnipeg CAN"]
[Date "2006.11.21"]
[Round "3"]
[White "Gibson, Fred"]
[Black "Reimer, Bruce"]
[Result "1/2-1/2"]
[WhiteElo "1168"]
[BlackElo "1531"]
[PlyCount "131"]
[EventDate "2006.11.07"]
[EventType "swiss"]
[EventRounds "6"]
[EventCountry "CAN"]

1. e4 Nf6 2. Nc3 d5 3. exd5 Nxd5 4. Bc4 Nb6 5. Bb3 c5 6. d3 e6 7. Bd2 Bd6 8.
Nf3 O-O 9. O-O a6 10. Ne4 Qc7 11. Nxd6 Qxd6 12. Bc3 Nc6 13. Ng5 Nd5 14. Qh5 h6
15. Ne4 Qd8 16. Bxd5 exd5 17. Nxc5 b6 18. Nb3 d4 19. Bd2 Qf6 20. c3 Bf5 21. Qf3
Ne5 22. Qb7 Nxd3 23. Nxd4 Nxb2 24. Nxf5 Qxf5 25. Qxb6 Nc4 26. Qd4 Rac8 27. Be3
Rfd8 28. Qf4 Nxe3 29. Qxe3 Re8 30. Qd4 Re2 31. a4 Qa5 32. Qd3 Rce8 33. Rfc1 Rb2
34. Re1 Rxe1+ 35. Rxe1 Qxa4 36. g3 Rb3 37. Re4 Qa1+ 38. Kg2 Rb8 39. Re7 Rc8 40.
Ra7 a5 41. Qd7 Qxc3 42. Qxf7+ Kh8 43. Qa2 Rc5 44. Ra8+ Kh7 45. Qg8+ Kg6 46.
Ra6+ Rc6 47. Rxa5 Qxa5 48. Qe8+ Kh7 49. Qxc6 Qe5 50. h3 Qb2 51. Qe4+ Kg8 52. g4
Qd2 53. Kg3 Qd1 54. Qf3 Qd6+ 55. Kg2 Qg6 56. Qf5 Qc6+ 57. f3 Qd6 58. h4 Qd2+
59. Kg3 Qe1+ 60. Kg2 Qxh4 61. Qh5 Qxh5 62. gxh5 Kf7 63. Kg3 Kf6 64. Kg4 g6 65.
f4 gxh5+ 66. Kxh5 1/2-1/2

[Event "Mike Shpan mem"]
[Site "Winnipeg CAN"]
[Date "2006.11.21"]
[Round "3"]
[White "Goodman, Clifford"]
[Black "Wierda, John"]
[Result "0-1"]
[WhiteElo "1500"]
[BlackElo "1742"]
[PlyCount "28"]
[EventDate "2006.11.07"]
[EventType "swiss"]
[EventRounds "6"]
[EventCountry "CAN"]

1. e4 e6 2. Nc3 d5 3. exd5 exd5 4. d4 Nf6 5. g3 Bg4 6. Nge2 Bf3 7. Rg1 Bb4 8.
a3 Bxc3+ 9. bxc3 O-O 10. Qd3 Be4 11. Qb5 b6 12. Kd1 c6 13. Qb3 Ng4 14. Be3 Qf6
0-1

[Event "Mike Shpan mem"]
[Site "Winnipeg CAN"]
[Date "2006.11.21"]
[Round "3"]
[White "Green, Aaron"]
[Black "Kohalmi, Andy"]
[Result "0-1"]
[WhiteElo "1376"]
[BlackElo "1677"]
[PlyCount "46"]
[EventDate "2006.11.07"]
[EventType "swiss"]
[EventRounds "6"]
[EventCountry "CAN"]

1. e4 c5 2. Nf3 d6 3. d4 cxd4 4. Nxd4 Nf6 5. Nc3 a6 6. Be3 e5 7. Nb3 Be6 8. f3
Be7 9. Qd2 Nbd7 10. O-O-O b5 11. g4 Nb6 12. h4 Nc4 13. Bxc4 bxc4 14. Na1 Rb8
15. Rdg1 d5 16. exd5 Nxd5 17. Nxd5 Bxd5 18. Qf2 Qa5 19. a3 c3 20. Kb1 Rxb2+ 21.
Kc1 Qxa3 22. Nb3 Bxb3 23. cxb3 Qa1# 0-1

[Event "Mike Shpan mem"]
[Site "Winnipeg CAN"]
[Date "2006.11.21"]
[Round "3"]
[White "Mundwiler, Les"]
[Black "Clark, Jeff"]
[Result "0-1"]
[WhiteElo "1988"]
[BlackElo "1757"]
[PlyCount "66"]
[EventDate "2006.11.07"]
[EventType "swiss"]
[EventRounds "6"]
[EventCountry "CAN"]

1. d4 Nf6 2. c4 e6 3. g3 c5 4. d5 exd5 5. cxd5 d6 6. Bg2 Be7 7. Nc3 O-O 8. Nf3
Re8 9. O-O a6 10. a4 b6 11. h3 Bf8 12. Qc2 Ra7 13. Nh4 g6 14. Bg5 h6 15. Bd2
Bg7 16. Rad1 Rae7 17. Kh2 Nbd7 18. f4 Nf8 19. Bf3 Bd7 20. Rg1 Qc8 21. g4 b5 22.
axb5 axb5 23. g5 hxg5 24. fxg5 Nh5 25. Bxh5 gxh5 26. g6 f5 27. Bg5 Re5 28. Nf3
b4 29. Nxe5 Bxe5+ 30. Kh1 bxc3 31. bxc3 f4 32. g7 Nh7 33. e4 Ba4 0-1

[Event "Mike Shpan mem"]
[Site "Winnipeg CAN"]
[Date "2006.11.21"]
[Round "3"]
[White "Schulz, Waldemar"]
[Black "Nguyen, Huy"]
[Result "1-0"]
[WhiteElo "2069"]
[BlackElo "1692"]
[PlyCount "117"]
[EventDate "2006.11.07"]
[EventType "swiss"]
[EventRounds "6"]
[EventCountry "CAN"]

1. d4 c6 2. Nf3 Nf6 3. Bg5 Ne4 4. Bf4 Qa5+ 5. c3 g5 6. Bxb8 Rxb8 7. Nbd2 Nf6 8.
e4 g4 9. Ne5 d6 10. Nec4 Qc7 11. Bd3 e5 12. Qe2 h5 13. Ne3 b5 14. d5 b4 15. c4
c5 16. Bc2 Bd7 17. Nf5 a5 18. Qd1 Rg8 19. Ba4 Rg6 20. Bxd7+ Qxd7 21. Qe2 a4 22.
b3 Ra8 23. O-O Be7 24. Rfe1 Kf8 25. Qe3 Kg8 26. Nh4 Rg7 27. Nf5 Rh7 28. f4 h4
29. fxe5 dxe5 30. Nxh4 Nh5 31. Nf5 Nf4 32. Nf1 Ra6 33. N1g3 Rg6 34. Red1 Ra6
35. Re1 a3 36. Rad1 Bf8 37. Rf1 Qc7 38. Rf2 Rg6 39. Rfd2 Bd6 40. Nxd6 Rxd6 41.
Nf5 Rg7 42. Nxg7 Kxg7 43. Qg3 Qd7 44. Qe3 Qc7 45. Qg3 Qd7 46. Qh4 Rg6 47. Qg3
Qd6 48. Rf2 f6 49. Rdf1 Nh5 50. Qe3 Nf4 51. Rxf4 exf4 52. Qxf4 Qxf4 53. Rxf4 g3
54. Rf3 gxh2+ 55. Kxh2 Rh6+ 56. Rh3 Rg6 57. Rg3 Rxg3 58. Kxg3 Kf7 59. Kf4 1-0

[Event "Mike Shpan mem"]
[Site "Winnipeg CAN"]
[Date "2006.11.28"]
[Round "4"]
[White "Adol, Deng"]
[Black "Gibson, Fred"]
[Result "1-0"]
[WhiteElo "1795"]
[BlackElo "1168"]
[PlyCount "117"]
[EventDate "2006.11.07"]
[EventType "swiss"]
[EventRounds "6"]
[EventCountry "CAN"]

1. e4 c5 2. Bc4 Nc6 3. a3 Nf6 4. d3 g6 5. Nf3 Bg7 6. Nc3 O-O 7. Be3 d6 8. Qd2
Qa5 9. O-O Ng4 10. Bf4 Nd4 11. Nxd4 Bxd4 12. h3 Ne5 13. Bxe5 Bxe5 14. Rfb1 e6
15. b4 Qd8 16. bxc5 dxc5 17. Rb5 b6 18. Rab1 Bd7 19. R5b3 Kg7 20. Kh1 Bd4 21.
f4 Bc6 22. Ne2 f5 23. e5 Qh4 24. Nxd4 cxd4 25. Kh2 Rfe8 26. g3 Qh5 27. Qf2 Qf3
28. Qxf3 Bxf3 29. Rb4 Re7 30. Bb3 Rb8 31. Rxd4 Bd5 32. Bxd5 Rd7 33. c4 Rbd8 34.
Re1 Kf8 35. h4 exd5 36. e6 Re7 37. Rxd5 Ke8 38. Re3 Rg7 39. Rde5 Re7 40. h5 a6
41. c5 bxc5 42. Rxc5 Kf8 43. h6 Ke8 44. Rc6 a5 45. Ra6 Rd5 46. Ra8+ Rd8 47.
Rxa5 Rd4 48. a4 Rd8 49. Ra6 Rb8 50. d4 Reb7 51. d5 Rb2+ 52. Kh3 R2b3 53. Rxb3
Rxb3 54. d6 Rb8 55. Ra7 Rd8 56. Re7+ Kf8 57. Rf7+ Kg8 58. Rg7+ Kh8 59. e7 1-0

[Event "Mike Shpan mem"]
[Site "Winnipeg CAN"]
[Date "2006.11.28"]
[Round "4"]
[White "Clark, Jeff"]
[Black "Czypinski, Jaroslaw"]
[Result "1/2-1/2"]
[WhiteElo "1757"]
[BlackElo "1801"]
[PlyCount "141"]
[EventDate "2006.11.07"]
[EventType "swiss"]
[EventRounds "6"]
[EventCountry "CAN"]

1. Nf3 d6 2. d4 Nf6 3. Nc3 e6 4. e4 Be7 5. Bd3 Nc6 6. O-O e5 7. d5 Nb4 8. Be2
a5 9. Ne1 Na6 10. Be3 h5 11. f3 Nc5 12. Nd3 Nxd3 13. Bxd3 h4 14. Qd2 Bd7 15.
Rf2 Nh5 16. Ne2 g5 17. h3 Nf4 18. Kh2 Qc8 19. Bxf4 gxf4 20. c4 b6 21. Nc3 Rg8
22. Bf1 Qd8 23. Re2 Bg5 24. Nd1 Bh6 25. Nf2 Qf6 26. Ng4 Bxg4 27. hxg4 Bg5 28.
Kh3 Qe7 29. Rd1 Qd7 30. Qc2 Ke7 31. Red2 Kf6 32. b3 Ra7 33. a3 Bh6 34. Qd3 Kg5
35. Re1 Rga8 36. Be2 Bg7 37. Rb1 Bf8 38. Rc1 Be7 39. Rdc2 Bf8 40. Rc3 Be7 41.
Bd1 Qc8 42. R3c2 Bf8 43. Rf2 Be7 44. Be2 Bf8 45. Rh1 Be7 46. Kh2 Kg6 47. Kg1
Bg5 48. Rh3 Qd7 49. Kf1 Qe8 50. Ke1 Qe7 51. Rf1 Rh8 52. Rfh1 Raa8 53. Kf2 Qf6
54. Qc2 Qe7 55. Ra1 Qd7 56. Qd2 Qe8 57. Qd1 Qd7 58. Bd3 Qe8 59. Ra2 Qd7 60. Qa1
Qc8 61. Ke2 Qb7 62. Kd2 Qa7 63. Kc2 Qb7 64. Qc3 Qa7 65. Rb2 Kf6 66. a4 Ke7 67.
Rb1 Kf6 68. Rbh1 Rh6 69. Qd2 Rah8 70. Qf2 Qa8 71. Kd1 1/2-1/2

[Event "Mike Shpan mem"]
[Site "Winnipeg CAN"]
[Date "2006.11.28"]
[Round "4"]
[White "Evans, Brian"]
[Black "Trueman, Francis"]
[Result "1-0"]
[WhiteElo "1474"]
[BlackElo "1463"]
[PlyCount "28"]
[EventDate "2006.11.07"]
[EventType "swiss"]
[EventRounds "6"]
[EventCountry "CAN"]

1. e4 e5 2. Nf3 d6 3. d4 Bg4 4. dxe5 Bxf3 5. Qxf3 dxe5 6. Bc4 Qf6 7. Qb3 b6 8.
O-O Ne7 9. f4 Kd8 10. Bxf7 Nec6 11. fxe5 Bc5+ 12. Be3 Bxe3+ 13. Qxe3 Qxe5 14.
Nd2 Nd7 1-0

[Event "Mike Shpan mem"]
[Site "Winnipeg CAN"]
[Date "2006.11.28"]
[Round "4"]
[White "Green, Aaron"]
[Black "Crawford, Gary"]
[Result "1-0"]
[WhiteElo "1376"]
[BlackElo "1392"]
[PlyCount "111"]
[EventDate "2006.11.07"]
[EventType "swiss"]
[EventRounds "6"]
[EventCountry "CAN"]

1. e4 c6 2. d4 d5 3. exd5 cxd5 4. c4 Nf6 5. Nc3 Bg4 6. f3 Be6 7. c5 g6 8. Bf4
a6 9. Bd3 Bg7 10. Nge2 Nc6 11. Bc2 Bd7 12. Qd2 O-O 13. g4 Re8 14. Bh6 e5 15.
Bxg7 Kxg7 16. O-O-O exd4 17. Nxd4 Ne5 18. h4 Nxf3 19. Nxf3 Bxg4 20. Rdf1 Rc8
21. b4 a5 22. a3 axb4 23. axb4 Ne4 24. Qd4+ Qf6 25. Qxf6+ Nxf6 26. Nb5 Rc6 27.
Kb1 Re4 28. Bxe4 dxe4 29. Ne5 Re6 30. Nxg4 Nxg4 31. Nd4 Re5 32. Re1 e3 33. Nc2
e2 34. Nd4 Nf2 35. Rh2 Nd3 36. Rexe2 Rxe2 37. Rxe2 Nxb4 38. Rb2 Nc6 39. Nxc6
bxc6 40. Rb6 Kh6 41. Rxc6 Kh5 42. Rc7 Kxh4 43. Rxf7 h5 44. c6 g5 45. c7 g4 46.
c8=Q Kh3 47. Qc1 g3 48. Qh1+ Kg4 49. Rg7+ Kf4 50. Qxh5 g2 51. Rxg2 Ke4 52. Qe8+
Kf4 53. Rf2+ Kg4 54. Qg8+ Kh3 55. Rf7 Kh2 56. Rh7# 1-0

[Event "Mike Shpan mem"]
[Site "Winnipeg CAN"]
[Date "2006.11.28"]
[Round "4"]
[White "Letain, Cory"]
[Black "Pottinger, Carl"]
[Result "0-1"]
[WhiteElo "1259"]
[BlackElo "1775"]
[PlyCount "70"]
[EventDate "2006.11.07"]
[EventType "swiss"]
[EventRounds "6"]
[EventCountry "CAN"]

1. e4 c5 2. Nf3 d6 3. d4 cxd4 4. Nxd4 Nf6 5. Nc3 g6 6. h3 Bg7 7. Bc4 O-O 8. O-O
Nxe4 9. Bxf7+ Rxf7 10. Nxe4 Qb6 11. c3 Nc6 12. Ng5 Rf6 13. Ngf3 h6 14. Re1 e5
15. Qb3+ Qxb3 16. Nxb3 Bxh3 17. gxh3 Rxf3 18. Kg2 Raf8 19. Be3 d5 20. Rad1 d4
21. cxd4 exd4 22. Nxd4 Nxd4 23. Bxd4 Bxd4 24. Rxd4 Rxf2+ 25. Kg1 Rxb2 26. Re6
Rc8 27. Rd1 Kf7 28. Ree1 Rcc2 29. h4 Rc6 30. Rd7+ Kf6 31. Rd8 g5 32. h5 Kf5 33.
Rg8 Kg4 34. Kh1 Kxh5 35. Rg1 Rxa2 0-1

[Event "Mike Shpan mem"]
[Site "Winnipeg CAN"]
[Date "2006.11.28"]
[Round "4"]
[White "Reimer, Bruce"]
[Black "Essery, Richard"]
[Result "1/2-1/2"]
[WhiteElo "1531"]
[BlackElo "1602"]
[PlyCount "79"]
[EventDate "2006.11.07"]
[EventType "swiss"]
[EventRounds "6"]
[EventCountry "CAN"]

1. e4 d5 2. exd5 Qxd5 3. Nc3 Qe5+ 4. Qe2 Qxe2+ 5. Bxe2 e5 6. Nf3 f6 7. O-O c6
8. Bc4 Bf5 9. d4 Bg4 10. dxe5 Bxf3 11. gxf3 fxe5 12. Re1 Nd7 13. f4 e4 14. Nxe4
O-O-O 15. Ng5 Nh6 16. Bd2 Nb6 17. Be6+ Kb8 18. Bc3 Na4 19. Be5+ Ka8 20. Rad1
Re8 21. Bd7 Rd8 22. Bc7 Bc5 23. Bxd8 Rxd8 24. Ne6 Rg8 25. Nxg7 Rxg7+ 26. Kf1 a6
27. Re8+ Ka7 28. Bh3 Rf7 29. Rdd8 Rxf4 30. Ra8+ Kb6 31. b3 Rxf2+ 32. Ke1 Nc3
33. a4 Rxh2 34. Bc8 Nf7 35. a5+ Kc7 36. Be6 Re2+ 37. Kf1 Rf2+ 38. Ke1 Re2+ 39.
Kf1 Rf2+ 40. Ke1 1/2-1/2

[Event "Mike Shpan mem"]
[Site "Winnipeg CAN"]
[Date "2006.11.28"]
[Round "4"]
[White "Rutter, Blair"]
[Black "Schulz, Waldemar"]
[Result "1/2-1/2"]
[WhiteElo "1825"]
[BlackElo "2069"]
[PlyCount "57"]
[EventDate "2006.11.07"]
[EventType "swiss"]
[EventRounds "6"]
[EventCountry "CAN"]

1. c4 Nf6 2. g3 g6 3. Bg2 d5 4. cxd5 Nxd5 5. e4 Nb6 6. d4 Bg7 7. Ne2 O-O 8.
Nbc3 Na6 9. O-O c5 10. d5 Bg4 11. f3 Bd7 12. h3 e5 13. a4 Nc4 14. b3 Nd6 15.
Be3 Rc8 16. Rb1 Nb4 17. Qd2 Re8 18. f4 a5 19. fxe5 Bxe5 20. Bf4 Qe7 21. Rf2 c4
22. bxc4 Nxc4 23. Qd1 Qc5 24. Rc1 Ne3 25. Qd2 Nc4 26. Qd1 Ne3 27. Qd2 Nc4 28.
Qd1 Ne3 29. Qd2 1/2-1/2

[Event "Mike Shpan mem"]
[Site "Winnipeg CAN"]
[Date "2006.11.28"]
[Round "4"]
[White "Silva, T Romeo"]
[Black "Wierda, John"]
[Result "1-0"]
[WhiteElo "1797"]
[BlackElo "1742"]
[PlyCount "93"]
[EventDate "2006.11.07"]
[EventType "swiss"]
[EventRounds "6"]
[EventCountry "CAN"]

1. e4 e6 2. d4 d5 3. Bd3 Nf6 4. Bg5 Be7 5. e5 Nfd7 6. Bxe7 Qxe7 7. Nf3 c5 8. c3
Nc6 9. Bc2 cxd4 10. O-O dxc3 11. Nxc3 O-O 12. Qd3 g6 13. Qe2 b6 14. a3 Nc5 15.
b4 Nd7 16. Ba4 Bb7 17. Rac1 a5 18. b5 Na7 19. Qe3 Rac8 20. Ne2 Rc5 21. Rb1 Rfc8
22. h4 Rc4 23. Bb3 Re4 24. Qd2 Nxe5 25. Nxe5 Rxe5 26. g3 Qxa3 27. Nd4 Qd6 28.
Qf4 Rd8 29. Bc2 Rh5 30. Qd2 g5 31. Bd1 Rh6 32. hxg5 Rg6 33. Bh5 Rg7 34. Rbe1
Bc8 35. Rc1 Bd7 36. Rfe1 Nxb5 37. Nf3 Nc7 38. Ne5 Be8 39. Ng4 Qb4 40. Qe3 Rc8
41. Nf6+ Kf8 42. Nxe8 Kxe8 43. Qe5 Kf8 44. Rxc7 Rxc7 45. Qxc7 Qxe1+ 46. Kg2
Qe4+ 47. Bf3 1-0

[Event "Mike Shpan mem"]
[Site "Winnipeg CAN"]
[Date "2006.12.05"]
[Round "5"]
[White "Czypinski, Jaroslaw"]
[Black "Rutter, Blair"]
[Result "1-0"]
[WhiteElo "1801"]
[BlackElo "1825"]
[PlyCount "165"]
[EventDate "2006.11.07"]
[EventType "swiss"]
[EventRounds "6"]
[EventCountry "CAN"]

1. d4 d5 2. Nf3 e6 3. e3 c5 4. b3 Nc6 5. Bb2 Nf6 6. Nbd2 Bd7 7. a3 Rc8 8. Bd3
cxd4 9. exd4 Bd6 10. Ne5 O-O 11. f4 Ne8 12. Qh5 f5 13. Ndf3 Nf6 14. Qh4 Qa5+
15. c3 Be7 16. Qh3 Nxe5 17. Nxe5 Bb5 18. O-O Bxd3 19. Qxd3 Ne4 20. Rf3 Rc7 21.
b4 Qa4 22. Qd1 Qxd1+ 23. Rxd1 Rfc8 24. Rc1 g5 25. fxg5 Bxg5 26. Rc2 Kg7 27. Rd3
Kf6 28. Nf3 Bf4 29. g3 Rg8 30. Kf1 Bd6 31. Bc1 Rgc8 32. Bd2 b6 33. Be1 a5 34.
bxa5 bxa5 35. Bd2 Rc4 36. Be1 Ra4 37. Ra2 Rb8 38. Nd2 Nxd2+ 39. Bxd2 Rb3 40.
Bc1 Rb1 41. Rd1 Rc4 42. Bg5+ Kxg5 43. Rxb1 Kf6 44. Rb3 f4 45. Rf2 Kf5 46. Rf3
Kg4 47. Kg2 e5 48. h3+ Kg5 49. dxe5 Bxe5 50. Rb5 Bxc3 51. Rxd5+ Kg6 52. Rxf4
Rc7 53. Rd6+ Kg7 54. Rd5 h6 55. Rg4+ Kh7 56. Rd8 Be5 57. Rd3 Bb2 58. a4 Be5 59.
Re4 Bc3 60. Ree3 Bb4 61. Re6 Kg7 62. Kf3 Be7 63. Rd5 Bb4 64. h4 Bc3 65. Red6
Rf7+ 66. Kg4 Rf2 67. Rd7+ Kg8 68. Rc5 Bb4 69. Rc8+ Rf8 70. Rxf8+ Kxf8 71. Kh5
Ke8 72. Rh7 Bd2 73. g4 Kf8 74. Rxh6 Kg7 75. Rd6 Bb4 76. Rd7+ Kf8 77. Kg6 Ke8
78. Rf7 Bc3 79. h5 Bd4 80. h6 Bc3 81. h7 Bh8 82. Ra7 Bc3 83. Rg7 1-0

[Event "Mike Shpan mem"]
[Site "Winnipeg CAN"]
[Date "2006.12.05"]
[Round "5"]
[White "Essery, Richard"]
[Black "Green, Aaron"]
[Result "1-0"]
[WhiteElo "1602"]
[BlackElo "1376"]
[PlyCount "117"]
[EventDate "2006.11.07"]
[EventType "swiss"]
[EventRounds "6"]
[EventCountry "CAN"]

1. d4 Nf6 2. Nf3 g6 3. Bf4 d5 4. e3 Bg7 5. Nbd2 O-O 6. c3 c6 7. Bd3 Nh5 8. Be5
Nd7 9. Bxg7 Nxg7 10. Qc2 f6 11. O-O-O e5 12. e4 dxe4 13. Bc4+ Kh8 14. Nxe4 f5
15. Nd6 e4 16. Ng1 Qe7 17. Nxc8 Raxc8 18. Nh3 Nb6 19. Bb3 Nd5 20. Rhe1 Qc7 21.
g3 a5 22. Ng5 Qe7 23. h4 h6 24. Nh3 b5 25. a3 b4 26. c4 Nb6 27. a4 Kh7 28. Nf4
c5 29. d5 Qd6 30. Ba2 Nd7 31. b3 Ne5 32. Bb1 Rf7 33. Rh1 Rff8 34. Qe2 Rce8 35.
h5 g5 36. Ng2 Nf3 37. Ne3 Nd4 38. Qb2 Re7 39. g4 f4 40. Nc2 Ne2+ 41. Kd2 Nc3
42. Rde1 Ne8 43. f3 e3+ 44. Nxe3+ Nxb1+ 45. Qxb1+ Kh8 46. Nf5 Rxe1 47. Rxe1 Qf6
48. Qc2 Ng7 49. Nxg7 Kxg7 50. Re6 Qd4+ 51. Ke2 Rf6 52. Re4 Qa1 53. Kd3 Qf1+ 54.
Qe2 Qb1+ 55. Kd2 Qxb3 56. Re7+ Rf7 57. Qe5+ Kg8 58. Re8+ Rf8 59. Qe6+ 1-0

[Event "Mike Shpan mem"]
[Site "Winnipeg CAN"]
[Date "2006.12.05"]
[Round "5"]
[White "Kohalmi, Andy"]
[Black "Gibson, Fred"]
[Result "1-0"]
[WhiteElo "1677"]
[BlackElo "1168"]
[PlyCount "51"]
[EventDate "2006.11.07"]
[EventType "swiss"]
[EventRounds "6"]
[EventCountry "CAN"]

1. d4 Nf6 2. Nf3 g6 3. g3 Bg7 4. Bg2 O-O 5. O-O d6 6. c4 Nbd7 7. Nc3 e5 8. e4
h6 9. Re1 Re8 10. h3 Nf8 11. Be3 Nh5 12. Qd2 g5 13. Rad1 f6 14. dxe5 Nh7 15.
exd6 Nf8 16. dxc7 Qxc7 17. Qe2 Be6 18. Nd5 Nxg3 19. fxg3 Qxg3 20. Bf2 Qb8 21.
b3 g4 22. hxg4 Bxg4 23. Qe3 f5 24. Qc5 Ng6 25. exf5 Bf8 26. Rxe8 1-0

[Event "Mike Shpan mem"]
[Site "Winnipeg CAN"]
[Date "2006.12.05"]
[Round "5"]
[White "Letain, Cory"]
[Black "Evans, Brian"]
[Result "0-1"]
[WhiteElo "1259"]
[BlackElo "1474"]
[PlyCount "56"]
[EventDate "2006.11.07"]
[EventType "swiss"]
[EventRounds "6"]
[EventCountry "CAN"]

1. e4 c5 2. Nf3 d6 3. d4 cxd4 4. Nxd4 Nf6 5. Nc3 e6 6. Bc4 Be7 7. O-O O-O 8.
Re1 Qc7 9. Bb3 a6 10. Re3 Nc6 11. Nxc6 Qxc6 12. Rg3 Nxe4 13. Nxe4 Qxe4 14. Bh6
Bf6 15. c3 d5 16. Bc2 Qe5 17. Qf3 Qd6 18. Qxf6 Qxg3 19. hxg3 gxf6 20. Bxf8 Kxf8
21. f4 Bd7 22. Kf2 f5 23. Rh1 Kg7 24. Kf3 Rc8 25. Rd1 b5 26. a3 a5 27. Bxf5
exf5 28. Rxd5 Bc6 0-1

[Event "Mike Shpan mem"]
[Site "Winnipeg CAN"]
[Date "2006.12.05"]
[Round "5"]
[White "Nguyen, Huy"]
[Black "Goodman, Clifford"]
[Result "1-0"]
[WhiteElo "1692"]
[BlackElo "1500"]
[PlyCount "57"]
[EventDate "2006.11.07"]
[EventType "swiss"]
[EventRounds "6"]
[EventCountry "CAN"]

1. Nf3 Nf6 2. c4 g6 3. d4 Bg7 4. Nc3 O-O 5. e4 d6 6. h3 c6 7. Bd3 Nbd7 8. O-O
a6 9. a4 Qc7 10. Bd2 e5 11. d5 c5 12. Qc1 Re8 13. Ne2 h5 14. Ra3 Nf8 15. Bh6
Rb8 16. Ng3 N8h7 17. Bb1 Qb6 18. Re1 Bxh6 19. Qxh6 Qxb2 20. Rae3 Qb6 21. Nh4
Qc7 22. Ngf5 gxf5 23. Rg3+ Ng4 24. exf5 f6 25. Qg6+ Kf8 26. hxg4 Qg7 27. gxh5
Qxg6 28. fxg6 Ng5 29. h6 1-0

[Event "Mike Shpan mem"]
[Site "Winnipeg CAN"]
[Date "2006.12.05"]
[Round "5"]
[White "Pottinger, Carl"]
[Black "Clark, Jeff"]
[Result "1/2-1/2"]
[WhiteElo "1775"]
[BlackElo "1757"]
[PlyCount "120"]
[EventDate "2006.11.07"]
[EventType "swiss"]
[EventRounds "6"]
[EventCountry "CAN"]

1. c4 Nf6 2. g3 c6 3. Bg2 d5 4. cxd5 cxd5 5. d4 e6 6. Nf3 Be7 7. O-O O-O 8. Nc3
Bd7 9. Bf4 Nc6 10. Ne5 Rc8 11. e3 Na5 12. Bg5 Ne8 13. Bxe7 Qxe7 14. Rc1 Nf6 15.
Qd3 Nc4 16. Nxd7 Qxd7 17. Rc2 Nd6 18. Rfc1 b5 19. b3 a6 20. Nb1 Rxc2 21. Qxc2
Rc8 22. Qd1 Rc6 23. f3 Qc7 24. Rxc6 Qxc6 25. Qd2 g6 26. Qc3 Qxc3 27. Nxc3 Kf8
28. e4 b4 29. Na4 dxe4 30. fxe4 Nfxe4 31. Nc5 Nxc5 32. dxc5 Nb5 33. Kf2 Ke7 34.
Ke3 Nc3 35. Kd4 Nxa2 36. Kc4 Kd7 37. Bb7 a5 38. Kb5 Kc7 39. Bf3 Nc1 40. Kxa5
Nxb3+ 41. Kxb4 Nd4 42. Bg2 Nc2+ 43. Kc3 Ne3 44. Bh3 Kc6 45. Kd4 Nf5+ 46. Kc4
Ne7 47. Bg4 e5 48. Bf3+ Kc7 49. Bd1 f5 50. Ba4 e4 51. Kd4 Nc6+ 52. Ke3 Ne5 53.
Bb3 Ng4+ 54. Kf4 Kc6 55. h3 Nf6 56. Ke5 Nd7+ 57. Kd4 Nxc5 58. Bg8 Kd6 59. Bxh7
Ne6+ 60. Ke3 Kd5 1/2-1/2

[Event "Mike Shpan mem"]
[Site "Winnipeg CAN"]
[Date "2006.12.05"]
[Round "5"]
[White "Reimer, Bruce"]
[Black "Adol, Deng"]
[Result "0-1"]
[WhiteElo "1531"]
[BlackElo "1795"]
[PlyCount "84"]
[EventDate "2006.11.07"]
[EventType "swiss"]
[EventRounds "6"]
[EventCountry "CAN"]

1. e4 e5 2. Nf3 d6 3. Bc4 h6 4. h3 Nc6 5. d4 exd4 6. Nxd4 Nxd4 7. Qxd4 Qf6 8.
Qxf6 Nxf6 9. Nc3 Bd7 10. O-O Be7 11. Re1 O-O 12. Bf4 c6 13. Rad1 Ne8 14. a4 Be6
15. Bf1 Rd8 16. Bh2 Bf6 17. e5 dxe5 18. Bxe5 Rxd1 19. Nxd1 Bxe5 20. Rxe5 Nf6
21. Nc3 Rd8 22. Bd3 Rd4 23. b3 Bxb3 24. Ne2 Rd8 25. Re7 Bxa4 26. Rxb7 Bb5 27.
Bxb5 cxb5 28. Nc3 a6 29. f3 Rc8 30. Ne4 Nxe4 31. fxe4 Rxc2 32. Rb6 Ra2 33. Kh2
f6 34. Kg3 Ra4 35. Kf4 b4 36. h4 a5 37. Kf5 Kh7 38. g4 Ra2 39. g5 Rf2+ 40. Kg4
hxg5 41. hxg5 Rg2+ 42. Kf4 Rxg5 0-1

[Event "Mike Shpan mem"]
[Site "Winnipeg CAN"]
[Date "2006.12.05"]
[Round "5"]
[White "Schulz, Waldemar"]
[Black "Silva, T Romeo"]
[Result "0-1"]
[WhiteElo "2069"]
[BlackElo "1797"]
[PlyCount "108"]
[EventDate "2006.11.07"]
[EventType "swiss"]
[EventRounds "6"]
[EventCountry "CAN"]

1. d4 Nf6 2. c4 e6 3. g3 d5 4. Bg2 c6 5. Nf3 Bb4+ 6. Bd2 Bxd2+ 7. Nbxd2 O-O 8.
O-O Nbd7 9. Qc2 Re8 10. Rfd1 a5 11. Rac1 Qe7 12. e4 dxe4 13. Nxe4 Nxe4 14. Qxe4
Nf6 15. Qc2 Qf8 16. Ne5 g6 17. Rd2 Qg7 18. Qb3 h5 19. Nxc6 Qh6 20. Qe3 Qxe3 21.
fxe3 bxc6 22. Bxc6 Bd7 23. Bxa8 Rxa8 24. b3 Rc8 25. Rb2 Nd5 26. e4 Nb4 27. Rd1
f5 28. exf5 gxf5 29. a3 Na6 30. Re1 Kf7 31. Rc2 Bc6 32. Re5 a4 33. b4 Nxb4 34.
axb4 Bd5 35. Re3 Ke7 36. Rec3 Be4 37. Ra2 Rd8 38. Rd2 Ra8 39. Kf2 Rh8 40. Ra2
h4 41. Rxa4 hxg3+ 42. hxg3 Rh2+ 43. Ke3 Kf6 44. Ra6 Rg2 45. d5 Rxg3+ 46. Kd4
Rg4 47. Rxe6+ Kf7 48. Ke5 Bb1 49. Rf6+ Ke7 50. d6+ Ke8 51. Rxf5 Re4+ 52. Kd5
Rh4 53. Re5+ Kd7 54. c5 Ba2+ 0-1

[Event "Mike Shpan mem"]
[Site "Winnipeg CAN"]
[Date "2006.12.12"]
[Round "6"]
[White "Clark, Jeff"]
[Black "Adol, Deng"]
[Result "1-0"]
[WhiteElo "1757"]
[BlackElo "1795"]
[PlyCount "125"]
[EventDate "2006.11.07"]
[EventType "swiss"]
[EventRounds "6"]
[EventCountry "CAN"]

1. Nf3 d5 2. g3 h6 3. Bg2 e6 4. O-O Nc6 5. d4 Bd6 6. Nbd2 h5 7. e4 h4 8. e5 Be7
9. Re1 hxg3 10. hxg3 Nh6 11. Nf1 Nf5 12. Ne3 g6 13. c3 b6 14. Nxf5 gxf5 15. Bf4
Bb7 16. Qd2 Qd7 17. b4 O-O-O 18. a4 Rdg8 19. Qe2 Kb8 20. a5 Rg4 21. axb6 axb6
22. Qd2 Qe8 23. Ra2 Qg8 24. Rea1 Qh7 25. Ra4 Kc8 26. Kf1 Nb8 27. Ke2 Bc6 28.
Ra7 Bb5+ 29. Kd1 Bc4 30. Kc2 Qg8 31. Bf1 Bxf1 32. Rxf1 Qe8 33. Rfa1 Qc6 34. Kb2
Qc4 35. Qe3 Kd7 36. Nd2 Qb5 37. Ra8 Kc8 38. R1a7 Rh2 39. Kc2 Qc6 40. Kb3 Rh1
41. Qe2 Rc1 42. Qd3 Rg8 43. Nf3 Rh1 44. b5 Qe8 45. c4 Qd8 46. Kc2 Rgh8 47. Qb3
Rf1 48. Be3 f4 49. gxf4 Rh3 50. Rxb8+ Kxb8 51. Qa4 Kc8 52. Ra8+ Kd7 53. Rxd8+
Bxd8 54. Nd2 Re1 55. cxd5 Rhh1 56. dxe6+ fxe6 57. Ne4 Be7 58. Qc4 Bd8 59. d5
exd5 60. Qxd5+ Ke7 61. f5 Ke8 62. Qg8+ Kd7 63. Qe6# 1-0

[Event "Mike Shpan mem"]
[Site "Winnipeg CAN"]
[Date "2006.12.12"]
[Round "6"]
[White "Czypinski, Jaroslaw"]
[Black "Silva, T Romeo"]
[Result "0-1"]
[WhiteElo "1801"]
[BlackElo "1797"]
[PlyCount "82"]
[EventDate "2006.11.07"]
[EventType "swiss"]
[EventRounds "6"]
[EventCountry "CAN"]

1. e4 e5 2. Nf3 Nf6 3. d4 Nxe4 4. Bd3 d5 5. Nxe5 Nf6 6. O-O Bd6 7. Bg5 Be6 8.
Nd2 h6 9. Bh4 g5 10. Bg3 Nbd7 11. Nxd7 Qxd7 12. Bxd6 Qxd6 13. c4 Ng4 14. Nf3
dxc4 15. Qa4+ c6 16. Be4 O-O 17. Rad1 f5 18. Bb1 Bd5 19. Ne5 Nxe5 20. dxe5 Qxe5
21. Qb4 Qc7 22. Rfe1 a5 23. Qc3 Rf7 24. Qh3 Kg7 25. Qc3+ Rf6 26. Re5 Raf8 27.
Rde1 R8f7 28. Rxf5 Qd6 29. Qd4 Re7 30. Rxe7+ Qxe7 31. Re5 Qd6 32. h4 Bf7 33.
Qc3 gxh4 34. Re3 b5 35. Rf3 b4 36. Qc2 Bg6 37. Rxf6 Qxf6 38. Qc1 Bd3 39. Bc2
Qg5 40. Qxg5+ hxg5 41. Ba4 c3 0-1